[Event "Novo Mesto op"]
[Site "Novo Mesto"]
[Date "2023.11.01"]
[Round "7"]
[White "Novak, Rok"]
[Black "Benko, Bostjan"]
[Result "1-0"]
[WhiteElo "1804"]
[BlackElo "1821"]
[PlyCount "136"]
[EventDate "2023.10.28"]
[EventType "swiss"]
[EventRounds "9"]
[EventCountry "SLO"]
[SourceTitle "CB48_2023"]
[SourceDate "2023.11.29"]
[SourceVersion "1"]
[SourceVersionDate "2023.11.29"]
[SourceQuality "1"]

1. e4 d6 2. d4 Nf6 3. Nc3 c6 4. f4 Qa5 5. e5 dxe5 6. fxe5 Ne4 7. Qf3 Nxc3 8. Bd2 Qd5 9. Bxc3 Qxf3 10. Nxf3 Bf5 11. 0-0-0 e6 12. Be1 Nd7 13. Bf2 Be7 14. h4 h6 15. h5 Bg4 16. Bd3 Bxf3 17. gxf3 Bg5+ 18. Kb1 a6 19. Rhg1 0-0 20. Rg4 Kh8 21. Rdg1 Rg8 22. Re1 Be7 23. f4 Rad8 24. f5 exf5 25. Bxf5 Nf8 26. Be3 Nh7 27. e6 Nf6 28. exf7 Rgf8 29. Rg2 Rxf7 30. Be6 Rff8 31. Reg1 Nxh5 32. Rh2 Nf4 33. Bc4 Rd6 34. Rf1 Nd5 35. Rxf8+ Bxf8 36. Bc1 b5 37. Bd3 Rf6 38. a4 Bd6 39. Rh1 Nb4 40. Be4 bxa4 41. c3 Nd5 42. Re1 Re6 43. Bd2 Nf6 44. Bxc6 Rxe1+ 45. Bxe1 g5 46. Kc1 a3 47. bxa3 Bxa3+ 48. Kd1 Kg7 49. Ke2 Kf7 50. c4 Bb2 51. Kd3 h5 52. Bd2 g4 53. Be1 Bc1 54. d5 Bf4 55. c5 g3 56. d6 h4 57. Bg2 Ke6 58. Kc4 Kf5 59. Bh3+ Ke4 60. Bc3 Nh5 61. Bg2+ Ke3 62. Bd4+ Ke2 63. Kd5 Be3 64. c6 Nf4+ 65. Kc4 Nxg2 66. c7 h3 67. c8Q h2 68. Qh3 Nf4 1-0

[Event "Novo Mesto op"]
[Site "Novo Mesto"]
[Date "2023.10.28"]
[Round "1"]
[White "Zirkelbach, Maj"]
[Black "Benko, Bostjan"]
[Result "1-0"]
[WhiteElo "2277"]
[BlackElo "1821"]
[PlyCount "49"]
[EventDate "2023.10.28"]
[EventType "swiss"]
[EventRounds "9"]
[EventCountry "SLO"]
[SourceTitle "CB48_2023"]
[SourceDate "2023.11.29"]
[SourceVersion "1"]
[SourceVersionDate "2023.11.29"]
[SourceQuality "1"]

1. d4 Nf6 2. c4 g6 3. h4 Bg7 4. Nc3 d5 5. h5 Nxh5 6. cxd5 c6 7. e4 cxd5 8. e5 Bf8 9. Qb3 Nc6 10. Nf3 Ng7 11. Qxd5 Be6 12. Qb5 Bd7 13. d5 Na5 14. b4 Rc8 15. bxa5 Rxc3 16. Bd2 Qc8 17. Qb2 Rc2 18. Qb3 e6 19. d6 f6 20. exf6 Nf5 21. f7+ Kxf7 22. Ne5+ Ke8 23. Bb5 Nd4 24. Nxd7 Rxd2 25. Ne5+ 1-0

[Event "Krapina op 11th"]
[Site "Krapina"]
[Date "2023.01.14"]
[Round "5"]
[White "Jakupec, Denis"]
[Black "Benko, Bostjan"]
[Result "1-0"]
[WhiteElo "1982"]
[BlackElo "1879"]
[PlyCount "89"]
[EventDate "2023.01.13"]
[EventType "swiss"]
[EventRounds "7"]
[EventCountry "CRO"]
[SourceTitle "CBM 212 Extra"]
[Source "ChessBase"]
[SourceDate "2023.03.31"]
[SourceVersion "1"]
[SourceVersionDate "2023.03.31"]
[SourceQuality "1"]

1. d4 Nf6 2. c4 g6 3. Nf3 d5 4. cxd5 Bg7 5. g3 Nxd5 6. Bg2 c6 7. h3 0-0 8. 0-0 a5 9. e4 Nf6 10. Nc3 Na6 11. Qe2 h6 12. Rd1 e6 13. Be3 Qe7 14. Rac1 Nd7 15. d5 exd5 16. exd5 cxd5 17. Nxd5 Qe6 18. Qd2 Kh7 19. Nd4 Qe5 20. Qxa5 b6 21. Qd2 Bb7 22. Bf4 Qxd4 23. Qxd4 Bxd4 24. Rxd4 Nac5 25. Nxb6 Nxb6 26. Rxc5 Bxg2 27. Kxg2 Rxa2 28. b4 Re8 29. Rd2 Ra4 30. b5 Rb4 31. Rd6 Re6 32. Rxe6 fxe6 33. Rc7+ Kg8 34. Bxh6 Rxb5 35. Rg7+ Kh8 36. Rxg6 e5 37. Re6 Kh7 38. h4 Nc4 39. Be3 Kg7 40. Kf3 Kf7 41. Rc6 Rb4 42. g4 Na5 43. Rb6 Ra4 44. Ra6 Ra3 45. h5 1-0

[Event "Krapina op 11th"]
[Site "Krapina"]
[Date "2023.01.13"]
[Round "2"]
[White "Benko, Bostjan"]
[Black "Kodric, Gasper"]
[Result "1/2-1/2"]
[WhiteElo "1879"]
[BlackElo "2020"]
[PlyCount "81"]
[EventDate "2023.01.13"]
[EventType "swiss"]
[EventRounds "7"]
[EventCountry "CRO"]
[SourceTitle "CBM 212 Extra"]
[Source "ChessBase"]
[SourceDate "2023.03.31"]
[SourceVersion "1"]
[SourceVersionDate "2023.03.31"]
[SourceQuality "1"]

1. e4 c6 2. Nc3 d5 3. Qf3 d4 4. Bc4 e6 5. Nce2 b5 6. Bb3 Bb7 7. d3 c5 8. a4 a6 9. Nh3 Nd7 10. Qg3 Ngf6 11. f3 Rc8 12. axb5 axb5 13. Bd2 Qb6 14. Ba5 Qd6 15. Qxd6 Bxd6 16. Bd2 0-0 17. Nf2 Ra8 18. 0-0 Rfc8 19. Rxa8 Rxa8 20. f4 e5 21. c3 h6 22. cxd4 cxd4 23. fxe5 Bxe5 24. Bb4 g6 25. h3 Kg7 26. Ng4 Nxg4 27. Rxf7+ Kh8 28. hxg4 Ra1+ 29. Rf1 Ra8 30. Be7 Re8 31. Ba3 Nf6 32. Bc5 Nxg4 33. Bxd4 Bxd4+ 34. Nxd4 Ne5 35. Nxb5 Nxd3 36. Nd6 Re7 37. Rf8+ Kg7 38. Rg8+ Kf6 39. Rf8+ Kg7 40. Rg8+ Kf6 41. Rf8+ 1/2-1/2

[Event "Otocec Krka Terme op"]
[Site "Otocec"]
[Date "2021.07.06"]
[Round "5"]
[White "Benko, Bostjan"]
[Black "Mestek, Igor"]
[Result "1/2-1/2"]
[WhiteElo "1869"]
[BlackElo "2084"]
[PlyCount "100"]
[EventDate "2021.07.03"]
[EventType "swiss"]
[EventRounds "9"]
[EventCountry "SLO"]
[SourceTitle "CBM 203 Extra"]
[Source "ChessBase"]
[SourceDate "2021.09.30"]
[SourceVersion "1"]
[SourceVersionDate "2021.09.30"]
[SourceQuality "1"]

1. e4 d5 2. exd5 Qxd5 3. Nf3 g6 4. d4 Bg7 5. Be2 Nh6 6. c4 Qd8 7. Nc3 0-0 8. 0-0 Nf5 9. d5 Nd7 10. Bf4 h6 11. h3 a6 12. Qd2 Kh7 13. Rad1 Nd6 14. Rfe1 Nc5 15. Bf1 f5 16. Be5 Nce4 17. Qd4 Nf6 18. c5 Nf7 19. Qc4 Nxe5 20. Nxe5 Bd7 21. Nc6 bxc6 22. dxc6 Qe8 23. cxd7 Nxd7 24. Qe6 Nxc5 25. Qxe7 Qc6 26. b4 Rfe8 27. Qxc5 Qxc5 28. bxc5 Rxe1 29. Rxe1 Bxc3 30. Re7+ Kg8 31. Rxc7 Rd8 32. Bxa6 Rd1+ 33. Bf1 Bd4 34. c6 Rd2 35. Rd7 Bxf2+ 36. Kh2 Rxd7 37. cxd7 Bb6 38. Kg3 Kf7 39. Bb5 Ke6 40. Kf3 g5 41. g4 Ke5 42. gxf5 Kxf5 43. Bd3+ Ke6 44. Bb5 Kf5 45. Bd3+ Ke6 46. Kg4 Kxd7 47. Bf5+ Ke7 48. Kh5 Kf6 49. Bg6 Kg7 50. Be8 Ba5 1/2-1/2

[Event "GER CCM-E03-D email"]
[Site "GER email"]
[Date "2019.06.19"]
[Round "?"]
[White "Benko, Bostjan"]
[Black "Tamayo Gutierrez, Rommel"]
[Result "1/2-1/2"]
[WhiteElo "2226"]
[BlackElo "2219"]
[PlyCount "47"]
[EventDate "2019.??.??"]
[EventType "tourn (corr)"]
[EventRounds "13"]
[EventCountry "GER"]
[SourceTitle "Corr 2022"]
[Source "ChessBase"]
[SourceDate "2021.10.24"]
[SourceVersion "1"]
[SourceVersionDate "2021.10.24"]
[SourceQuality "1"]

1. e4 e5 2. Nf3 Nc6 3. d4 exd4 4. Bc4 Bc5 5. c3 Nf6 6. e5 d5 7. Bb5 Ne4 8. cxd4 Bb6 9. Nc3 0-0 10. Be3 Bg4 11. h3 Bh5 12. Qc2 Nxc3 13. bxc3 f6 14. exf6 Qxf6 15. Be2 Bxf3 16. Bxf3 Ne7 17. 0-0 c6 18. Rae1 Nf5 19. Bc1 g6 20. Be2 Bc7 21. g3 Rae8 22. Bd3 Qf7 23. a4 Re6 24. Rxe6 1/2-1/2

[Event "GER CCM-E03-D email"]
[Site "GER email"]
[Date "2019.06.19"]
[Round "?"]
[White "Goreczny, Grzegorz"]
[Black "Benko, Bostjan"]
[Result "1/2-1/2"]
[WhiteElo "2235"]
[BlackElo "2226"]
[PlyCount "100"]
[EventDate "2019.??.??"]
[EventType "tourn (corr)"]
[EventRounds "13"]
[EventCountry "GER"]
[SourceTitle "Corr 2022"]
[Source "ChessBase"]
[SourceDate "2021.10.24"]
[SourceVersion "1"]
[SourceVersionDate "2021.10.24"]
[SourceQuality "1"]

1. d4 Nf6 2. c4 g6 3. Nc3 d5 4. cxd5 Nxd5 5. e4 Nxc3 6. bxc3 Bg7 7. Bc4 c5 8. Ne2 Nc6 9. Be3 0-0 10. 0-0 Na5 11. Bd3 b6 12. Rc1 e5 13. dxc5 Be6 14. c4 bxc5 15. Bxc5 Bh6 16. Rc3 Re8 17. Be3 Bxe3 18. fxe3 Rb8 19. Qa4 Qc7 20. c5 Red8 21. Qc2 Rb4 22. Rb1 Rxb1+ 23. Qxb1 Rb8 24. Qc2 Nc6 25. a3 Qa5 26. h3 Kg7 27. Kh1 h5 28. Kh2 Rc8 29. Qc1 Rc7 30. Qb2 Rc8 31. Nc1 Rb8 32. Qc2 g5 33. Be2 g4 34. Nd3 Qd8 35. Bd1 Qh4 36. Qf2 Qxf2 37. Nxf2 Rb2 38. Rc2 Rb3 39. hxg4 h4 40. Rd2 Rxa3 41. Rd6 Ne7 42. Nd3 Ng6 43. g5 a5 44. c6 Rc3 45. Ba4 Kf8 46. Nf2 Ke7 47. Rd2 Rc4 48. Bb5 Rc5 49. Ba4 Rc4 50. Bb3 Rxc6 1/2-1/2

[Event "SLO-CupT"]
[Site "Dobrna"]
[Date "2019.04.14"]
[Round "5.2"]
[White "Benko, Bostjan"]
[Black "Brinovec, Dusan"]
[Result "0-1"]
[WhiteElo "1943"]
[BlackElo "2237"]
[PlyCount "102"]
[EventDate "2019.04.12"]
[EventType "team-swiss"]
[EventRounds "5"]
[EventCountry "SLO"]
[SourceTitle "EXT 2020"]
[Source "ChessBase"]
[SourceDate "2019.10.17"]
[SourceVersion "1"]
[SourceVersionDate "2019.10.17"]
[SourceQuality "1"]
[WhiteTeam "Zagorje ob Savi"]
[BlackTeam "Zalec"]
[WhiteTeamCountry "SLO"]
[BlackTeamCountry "SLO"]

1. e4 c5 2. Nf3 e6 3. c3 d5 4. exd5 exd5 5. Bb5+ Bd7 6. Bxd7+ Nxd7 7. 0-0 Bd6 8. Re1+ Ne7 9. d4 0-0 10. Bg5 Re8 11. dxc5 Nxc5 12. Qc2 Ne6 13. Be3 Qc7 14. Qd3 Rad8 15. Nbd2 a6 16. Nb3 Nc6 17. h3 h6 18. Rad1 Bf4 19. Qf5 Bxe3 20. Rxe3 Ne7 21. Qb1 Ng6 22. Nfd4 Nxd4 23. Rxe8+ Rxe8 24. Nxd4 Qc4 25. g3 Re5 26. a3 Qc8 27. Re1 Qxh3 28. Rxe5 Nxe5 29. Qf5 Qxf5 30. Nxf5 Nc4 31. b3 Nxa3 32. Ne7+ Kf8 33. Nxd5 Nb5 34. Kf1 Ke8 35. Ke2 Kd7 36. Kd3 Nc7 37. Ne3 g6 38. Kd4 Nb5+ 39. Kc4 Kd6 40. Kb4 h5 41. f4 f6 42. Kc4 Nc7 43. Kd3 b6 44. c4 a5 45. g4 h4 46. f5 g5 47. Ke4 Na6 48. Nd5 Nc5+ 49. Kf3 Nd7 50. Ke4 Kc5 51. Ne3 Ne5 0-1

[Event "SLO-CupT"]
[Site "Dobrna"]
[Date "2019.04.14"]
[Round "4.10"]
[White "Benko, Bostjan"]
[Black "Nareks, Matic"]
[Result "0-1"]
[WhiteElo "1943"]
[BlackElo "1900"]
[PlyCount "100"]
[EventDate "2019.04.12"]
[EventType "team-swiss"]
[EventRounds "5"]
[EventCountry "SLO"]
[SourceTitle "EXT 2020"]
[Source "ChessBase"]
[SourceDate "2019.10.17"]
[SourceVersion "1"]
[SourceVersionDate "2019.10.17"]
[SourceQuality "1"]
[WhiteTeam "Zagorje ob Savi"]
[BlackTeam "Celjski"]
[WhiteTeamCountry "SLO"]
[BlackTeamCountry "SLO"]

1. e4 c5 2. Nf3 g6 3. d4 cxd4 4. Qxd4 Nf6 5. e5 Nc6 6. Qa4 Nd5 7. Qe4 Nc7 8. Bc4 Bg7 9. Nc3 0-0 10. 0-0 b6 11. Re1 Bb7 12. Qh4 d5 13. exd6 exd6 14. Bg5 Qd7 15. Rad1 Na5 16. Re7 Qc6 17. Nd5 Qxc4 18. Rxc7 Qxh4 19. Bxh4 Bxd5 20. Rxd5 Rfc8 21. Rxc8+ Rxc8 22. Rxd6 Bxb2 23. Rd8+ Rxd8 24. Bxd8 f6 25. Kf1 Kf7 26. Ke2 Ke6 27. Bc7 Nc6 28. a4 Ne5 29. Nd2 f5 30. f4 Nc6 31. c4 Kd7 32. Be5 Bxe5 33. fxe5 Nxe5 34. h3 Kc6 35. Ke3 Kc5 36. Kf4 Nxc4 37. Nb1 h6 38. h4 h5 39. Kg5 Ne5 40. Kf6 Kd4 41. Na3 a6 42. Nc2+ Ke4 43. Nb4 a5 44. Nc2 f4 45. Na3 Kd4 46. Nc2+ Kc3 47. Ne1 Nc4 48. Kxg6 b5 49. Kf5 bxa4 50. Ke4 a3 0-1